| Tag |
First Indicator |
Second Indicator |
Subfields |
| LEADER |
00000cas a2200000 i 4500 |
| 001 |
in00003722921 |
| 005 |
20160802090107.0 |
| 006 |
m o d |
| 007 |
cr ||||||||||| |
| 008 |
160718c20109999enktr pso 0 a0eng c |
| 010 |
|
|
|a 2009202501
|
| 035 |
|
|
|a (OCoLC)ocn297230097
|
| 040 |
|
|
|a NSD
|b eng
|e rda
|c NSD
|d BUF
|d HEBIS
|d DLC
|d OCLCQ
|d OCLCF
|d OCLCO
|d MYG
|d OCLCO
|d MYG
|d OCLCO
|d TXA
|
| 016 |
7 |
|
|a 2553676-X
|2 DE-600
|
| 022 |
0 |
|
|a 1946-2174
|y 1946-2166
|2 1
|
| 029 |
1 |
|
|a HEBIS
|b 223230774
|
| 029 |
1 |
|
|a NZ1
|b 13462249
|
| 029 |
1 |
|
|a NZ1
|b 13742056
|
| 029 |
1 |
|
|a AU@
|b 000043740163
|
| 029 |
1 |
|
|a NZ1
|b 15125943
|
| 035 |
|
|
|a (OCoLC)297230097
|
| 037 |
|
|
|b Taylor & Francis, 4 Park Square, Milton park, Abingdon, Oxon, OX14 4RN, UK
|
| 042 |
|
|
|a pcc
|a nsdp
|
| 050 |
0 |
4 |
|a TA347.A78
|b .A73 Electronic
|
| 082 |
1 |
0 |
|a 006.3
|2 14
|
| 049 |
|
|
|a TXAM
|
| 210 |
0 |
|
|a Argum. comput.
|b (Online)
|
| 222 |
|
0 |
|a Argument & computation
|b (Online)
|
| 245 |
0 |
0 |
|a Argument & computation.
|
| 246 |
1 |
|
|a Argument and computation
|
| 264 |
|
1 |
|a London, UK :
|b Taylor & Francis,
|c 2010-
|
| 264 |
|
4 |
|c ©2010-
|
| 300 |
|
|
|a 1 online resource
|
| 310 |
|
|
|a Three no. a year.
|
| 336 |
|
|
|a text
|b txt
|2 rdacontent
|
| 337 |
|
|
|a computer
|b c
|2 rdamedia
|
| 338 |
|
|
|a online resource
|b cr
|2 rdacarrier
|
| 362 |
1 |
|
|a Began with Volume 1, Issue 1 (March 2010).
|
| 588 |
|
|
|a Description based on: Volume 1, Issue 1 (March 2010); title from cover image (Taylor & Francis Online, viewed Feb. 29, 2016).
|
| 588 |
|
|
|a Latest issue consulted: Volume 6, Issue 2 (2015) (Taylor & Francis Online, viewed Feb. 29, 2016).
|
| 650 |
|
0 |
|a Artificial intelligence
|v Periodicals.
|
| 650 |
|
0 |
|a Computational linguistics
|v Periodicals.
|
| 650 |
|
0 |
|a Computer science
|v Periodicals.
|
| 650 |
|
7 |
|a Artificial intelligence.
|2 fast
|0 (OCoLC)fst00817247
|
| 650 |
|
7 |
|a Computational linguistics.
|2 fast
|0 (OCoLC)fst00871998
|
| 650 |
|
7 |
|a Computer science.
|2 fast
|0 (OCoLC)fst00872451
|
| 655 |
|
7 |
|a Periodicals.
|2 fast
|0 (OCoLC)fst01411641
|
| 776 |
0 |
8 |
|i Also issued in print:
|t Argument & computation
|x 1946-2166
|w (DLC) 2009202500
|w (OCoLC)297227232
|
| 948 |
|
|
|a cataloged
|b h
|c 2016/8/2
|d c
|e spoltoratski
|f 9:00:58 am
|g sc
|
| 994 |
|
|
|a C0
|b TXA
|
| 999 |
f |
f |
|s 3331736e-2266-3135-8432-186118eed7aa
|i d2cbc42f-70da-37fe-9204-86dcee02f3c4
|t 0
|
| 952 |
f |
f |
|a Texas A&M University
|b College Station
|c Electronic Resources
|s www_evans
|d Available Online
|t 0
|e TA347.A78 .A73
|g Electronic
|h Library of Congress classification
|
| 998 |
f |
f |
|a TA347.A78 .A73
|t 0
|l Available Online
|